Allenatori della Squadra dell'anno UEFA - Statistics

Statistiche generali
  • Questo quiz è stato fatto 47 volte
  • Il punteggio medio è 8 su 10
Statistiche sulle risposte
Edizione Nazione Squadra Allenatore % Corretto
2010 Portogallo Inter / Real Madrid José Mourinho
98%
2003 Portogallo Porto José Mourinho
98%
2004 Portogallo Porto / Chelsea José Mourinho
98%
2005 Portogallo Chelsea José Mourinho
98%
2007 Scozia Manchester United Alex Ferguson
95%
2008 Scozia Manchester United Alex Ferguson
95%
2009 Spagna Barcellona Josep Guardiola
95%
2006 Paesi Bassi Barcellona Frank Rijkaard
59%
2001 Francia Liverpool Gérard Houllier
22%
2002 Turchia Turchia Şenol Güneş
7%
Nessun quiz corrispondente trovato
Distribuzione punteggi
Percentuale di utenti per punteggio
Percentile per numero di risposta
I tuoi punteggi nel tempo
Non hai fatto questo quiz